The expedition of Don Diego Dionisio de Peñalosa, governor of New Mexico, from Santa Fé to the river Mischipi and Quivira in 1662 / (Record no. 52380)
[ view plain ]
| 000 -LEADER | |
|---|---|
| fixed length control field | 01495cam a2200337 a 4500 |
| 001 - CONTROL NUMBER | |
| control field | rc 01002720 |
| 003 - CONTROL NUMBER IDENTIFIER | |
| control field | DLC |
| 005 - DATE AND TIME OF LATEST TRANSACTION | |
| control field | 20260227111907.0 |
| 008 - FIXED-LENGTH DATA ELEMENTS--GENERAL INFORMATION | |
| fixed length control field | 911127s1882 nyu 001 0 eng |
| 010 ## - LIBRARY OF CONGRESS CONTROL NUMBER | |
| LC control number | rc 01002720 |
| 040 ## - CATALOGING SOURCE | |
| Original cataloging agency | DLC |
| Transcribing agency | DLC |
| Modifying agency | DLC |
| 041 1# - LANGUAGE CODE | |
| Language code of text/sound track or separate title | eng |
| -- | spa |
| Language code of original | spa |
| 043 ## - GEOGRAPHIC AREA CODE | |
| Geographic area code | n-ust-- |
| -- | n-usm-- |
| 050 00 - LIBRARY OF CONGRESS CALL NUMBER | |
| Classification number | F799 |
| Item number | .F89 |
| 051 ## - LIBRARY OF CONGRESS COPY, ISSUE, OFFPRINT STATEMENT | |
| Classification number | Thacher A714 |
| 100 1# - MAIN ENTRY--PERSONAL NAME | |
| Personal name | Freytas, Nicolás de. |
| 240 10 - UNIFORM TITLE | |
| Uniform title | Relación del descubrimiento del país y ciudad de Quivira. |
| Language of a work | English & Spanish |
| 245 14 - TITLE STATEMENT | |
| Title | The expedition of Don Diego Dionisio de Peñalosa, governor of New Mexico, from Santa Fé to the river Mischipi and Quivira in 1662 / |
| Statement of responsibility, etc. | as described by Father Nicholas de Freytas ; with an account of Peñalosa's projects to aid the French to conquer the mining country in northern Mexico, and his connection with cavelier de la Salle by John Gilmary Shea. |
| 260 ## - PUBLICATION, DISTRIBUTION, ETC. | |
| Place of publication, distribution, etc. | New York : |
| Name of publisher, distributor, etc. | J.G. Shea, |
| Date of publication, distribution, etc. | 1882. |
| 300 ## - PHYSICAL DESCRIPTION | |
| Extent | 101 p. ; |
| Dimensions | 26 cm. |
| 510 4# - CITATION/REFERENCES NOTE | |
| Name of source | Thacher, |
| Location within source | II, p. 17 (Americana) |
| 500 ## - GENERAL NOTE | |
| General note | Includes index. |
| 530 ## - ADDITIONAL PHYSICAL FORM AVAILABLE NOTE | |
| Additional physical form available note | Also available in digital form on the Internet Archive Web site. |
| 650 #0 - SUBJECT ADDED ENTRY--TOPICAL TERM | |
| Topical term or geographic name entry element | Quivira (Legendary place) |
| 600 10 - SUBJECT ADDED ENTRY--PERSONAL NAME | |
| Personal name | Peñalosa, Diego Dionisio de, |
| Dates associated with a name | 1624-1687. |
| 651 #0 - SUBJECT ADDED ENTRY--GEOGRAPHIC NAME | |
| Geographic name | America |
| General subdivision | Discovery and exploration |
| -- | Spanish. |
| 651 #0 - SUBJECT ADDED ENTRY--GEOGRAPHIC NAME | |
| Geographic name | Mississippi River Valley |
| General subdivision | History. |
| 700 1# - ADDED ENTRY--PERSONAL NAME | |
| Personal name | Shea, John Gilmary, |
| Dates associated with a name | 1824-1892. |
| 710 2# - ADDED ENTRY--CORPORATE NAME | |
| Corporate name or jurisdiction name as entry element | John Boyd Thacher Collection (Library of Congress) |
| Institution to which field applies | DLC |
| 856 41 - ELECTRONIC LOCATION AND ACCESS | |
| Uniform Resource Identifier | <a href="http://hdl.loc.gov/loc.gdc/scd0001.00170631766">http://hdl.loc.gov/loc.gdc/scd0001.00170631766</a> |
No items available.